| 000 | 01626nam0a2200325 4500 | ||
|---|---|---|---|
| 001 | RU\NLR\bibl\426944 | ||
| 005 | 20260408194807.0 | ||
| 021 |
_aRU _b2003-30025 _91415 |
||
| 035 | _a(NLR Aleph) 000420826 | ||
| 090 |
_a693839 _c693839 |
||
| 100 | _a20030807d2002 k y0rusy50 ca | ||
| 101 | 0 | _arus | |
| 102 | _aRU | ||
| 105 | _aa ||||||||| | ||
| 200 | 1 |
_aУправление надежностью массовых взрывов в карьерах _f[А.И. Ермолаев] _gПо ред. проф. М.В. Корнилова _gМ-во образования Рос. Федерации, Урал. гос. гор.-геолог. акад. |
|
| 210 |
_aЕкатеринбург _cИзд-во УГГГА _d2002 |
||
| 215 |
_a58 с. _cил. _d21 |
||
| 300 | _aАвт. указан на обл. | ||
| 320 | _aБиблиогр.: с. 58 (9 назв.) | ||
| 606 |
_aКарьеры (горн.) _xРазработка _xВзрывные работы _91156485 _3RU\NLR\auth\66462247 |
||
| 606 |
_aВзрывные работы (горн.) _xОтказы _xПредупреждение _92298495 _3RU\NLR\auth\661376218 |
||
| 686 | _aИ133 | ||
| 700 | 1 |
_4070 _7ca _8rus _aЕрмолаев _bА. И. _cд-р техн. наук, геомеханика _gАлександр Иванович _9232491 _3RU\NLR\AUTH\770232547 |
|
| 712 | 0 | 2 |
_4570 _aУральская государственная горно-геологическая академия _cЕкатеринбург _9290652 _3RU\NLR\AUTH\889069 |
| 801 | 0 |
_aRU _bNLR _c20030807 _gPSBO |
|
| 801 | 1 |
_aRU _bNLR _c20030807 |
|
| 942 | _cBOOK | ||
| 980 | _aNB | ||